00602nam a2200169 a 450000100100000000500170001000800410002704000250006810000460009324500750013926000360021430000270025049000130027783000200029095201050031099900170041500004382920201002045007.0140506s1964 sp a 000 0 spa d aDO-SdBNPbspacBNPHU1 aRodríguez Mendez, José María96993013aEl Circulo de Tiza de Cartagena. /cJosé María Rodríguez Mendez. aBarcelona, :bOccitania,c1964. a52 p. :bil. ;c21 cm.1 aOsonav5 0aOsonan5971685 001050718MOaGRbGRcCTd2014-05-06iLF1l0o p43829-10r2020-06-25w2020-06-25y1ZNo se presta c43318d43318